| 000 | 00581nam a2200145Ia 4500 | ||
|---|---|---|---|
| 008 | 170221s9999 xx 000 0 und d | ||
| 100 | _aEddy J. Burks | ||
| 245 | _aUsing Technology to Satisfy the Material Participation Requirement of IRC Sec. 472 | ||
| 245 | _cEddy J. Burks, Troy University; Stanley X. Lewis, Jr., Troy University; Amanda N. Paul, Troy University; C. Lee Daniel, Troy University. | ||
| 260 | _bJournal of Management and Marketing Research | ||
| 260 | _c2014 | ||
| 300 | _a4 : 2 | ||
| 650 | _xBusiness | ||
| 856 | _uhttp://www.aabri.com/manuscripts/111004.pdf | ||
| 999 |
_c313685 _d313685 |
||